Responses for Show #4713 - Wednesday, February 16, 2005

2005 Ultimate Tournament of Champions Round 1, game 6.

Contestants

[<< previous game]

Steve Robin, a writer and producer from Miami, Florida

Vinita Kailasanath, a consultant from San Mateo, California

David Sampugnaro, a writer and internet specialist from North White Plains, New York

[next game >>]

Jeopardy! Round responses

1905
ACTUAL MLB ANNOUNCER QUOTES
(Alex: You're gonna love it.)
TRIOS
INTERNATIONAL ROAD VEHICLE STICKERS
CATS
THE L WITH U
(Alex: Each correct response will begin with "L-U.")
    $200 12
Sweden

David
    $200 26
a lion

Steve
    $200 17
the Three Little Pigs

David
    $200 1
(Steve: What is Czechoslovakia?)

the Czech Republic

DavidSteve
    $200 5
the bubonic plague (the Black Death)

David
    $200 7
a lumberjack

David
    $400 13
Peary

Vinita
    $400 27
Birthday

Triple Stumper
    $400 18
the Three Stooges

David
    $400 2
(David: What is Vanuatu?)

Vietnam

David
Triple Stumper
    $400 8
its ears

David
    $400 22
Lucent

David
    $600 14
the Cullinan

Vinita
    $600 28
ball one

Triple Stumper
    $600 19
(Steve: Who are the Great Powers?)

the Triple Entente

Steve
Triple Stumper
    $600 3
Nigeria

David
    $1,200 9
(David: I've never gotten to say this, but let's make this a True Daily Double.)
(Alex: Oh boy. All right. Let's see what happens with this clue.)

the Manx

David
    $600 23
a lubricant

David
    $800 15
(Steve: What's the IRA?)

Sinn Fein

VinitaSteve
    $800 29
second base

Triple Stumper
    $800 20
(Vinita: What is Wood?)

the Talmadge Sisters

VinitaSteve
    $800 4
Cyprus

Vinita
    $800 10
a Maine Coon

David
    $800 24
lush

David
    $1000 16
Greece

David
    $1000 30
China

David
    $1000 21
the Three Magi

Vinita
    $1000 6
Poland

Vinita
    $1000 11
Ragamuffin

Triple Stumper
    $1000 25
lurch

David

Scores at the first commercial break (after clue 16):

David Vinita Steve
$4,400 $3,600 -$1,000

Scores at the end of the Jeopardy! Round:

David Vinita Steve
$8,800 $3,800 -$600

Double Jeopardy! Round responses

PITTSBURGH
DIRECTORS' FIRST FEATURES
YOU GOT MY LITERARY NUMBER
LITTLE GREEN MEN
(Alex: You have to name the U.S. bill whose face fits each clue.)
WE MAKE MONEY THE OLD-FASHIONED WAY
WE "EARN" IT
    $400 5
Jonas Salk

Steve
    $400 1
(Orson) Welles

Vinita
    $400 2
The House of the Seven Gables (House of Seven Gables accepted)

David
    $400 3
(David: What is the twenty?)
...
(Alex: [*], yes, Grant.)

the fifty-dollar bill

DavidVinita
    $400 20
(Steve: What is Disney?)
...
(Alex: [*], yes. NBC, not ABC.)

General Electric

DavidSteve
    $400 4
earned run average (earned runs average accepted)

Vinita
    $800 16
the Ohio

David
    $800 6
Clint Eastwood

Steve
    $2,000 9
(Alex: All three of you are now on the plus side and Vinita, you trail David by $2200.)

Catch-22

Vinita
    $3,600 12
(Alex: The author of Notes on the State of Virginia was Thomas Jefferson, and he's on [*], you're right.)

the two-dollar bill

David
    $800 21
Sara Lee

David
    $800 30
(Vinita: What is yearning?)

yearning to breathe free

VinitaSteve
    $1200 17
Forbes Field

Triple Stumper
    $1200 7
Steven Soderbergh

Steve
    $1200 10
100 Years of Solitude

Vinita
    $1200 13
(Alex: Yes, Washington.)

the one

David
    $1200 22
Dell

David
    $1200 29
the Earned Income Tax Credit

Steve
    $1600 18
U.S. Steel

David
    $1600 8
(David) Lynch

Vinita
    $1600 11
(Alex: Yes, you know him better as George Orwell.)

1984

David
    $1600 14
(Alex: The words of Lincoln, on [*].)

the five-dollar bill

Triple Stumper
    $1600 23
(Alex: You're gonna love it... what is [*]? That's why I read it twice and they wrote it twice.)
[Laughter]

Xerox

Triple Stumper
    $1600 28
The Importance of Being Earnest

Vinita
    $2000 19
(David: What is Monroe?)

Allegheny

David
Triple Stumper
    $2000 25
Truffaut

Vinita
    $2000 26
The Crying of Lot 49

Vinita
    $2000 15
(Alex: Yes, Benjamin Franklin was the individual.)

the one-hundred

David
    $2000 24
(David: What is Bass?)

L.L. Bean

DavidSteve
    $2000 27
Kearney

David

Scores at the end of the Double Jeopardy! Round:

David Vinita Steve
$20,000 $14,600 $5,400

[wagering suggestions for these scores]

Final Jeopardy! Round responses

SINGERS
(Steve: Wrong. Started right.)
(Alex: Yeah, you started right, but it doesn't work for you, so you lost everything, but that's okay. You'll wind up with $5,000.)
SteveWho was Wilson P Gut
$5,400
VinitaWho was Brian Wilson
$3,800
DavidWho was Wilson Pickett?
$9,201
Woodrow Wilson "Woody" Guthrie

Final scores:

David Vinita Steve
$10,799 $10,800 $0
2nd place: $5,000 Winner: $15,000 + an advance to UToC Round 2 3rd place: $5,000

Game dynamics:

Coryat scores:

David Vinita Steve
$16,600 $13,400 $5,400
27 R
(including 2 DDs),
4 W
15 R
(including 1 DD),
2 W
8 R,
4 W

Combined Coryat: $35,400

[game clues] [game scores] [suggest correction]

Game tape date: 2005-02-01
The J! Archive is created by fans, for fans. Scraping, republication, monetization, and malicious use prohibited; this site may use cookies and collect identifying information. See terms. The Jeopardy! game show and all elements thereof, including but not limited to copyright and trademark thereto, are the property of Jeopardy Productions, Inc. and are protected under law. This website is not affiliated with, sponsored by, or operated by Jeopardy Productions, Inc. Join the discussion at JBoard.tv.